000 00440nam a2200181Ia 4500
001 13600
005 20260306164813.0
008 260306t2001||||xx |||||||||||||| ||spa||
041 _aESP
082 _a005.1
_bC81 2001
100 _aCormen, Thomas H. ... [et. al]
_eAUT
245 0 _aIntroduction to algorithms
260 _c2001
300 _a1180 páginas :
_c24 cm.
650 _aGEN
654 _aCCC
942 _cLIB
_dJUS
_fJUS
_2ddc
_n
999 _c13600
_d13600